Largest African Cities within 300 km - Statistics

General Stats
  • This quiz has been taken 52 times
  • The average score is 50 of 121
Answers on the Map
Answers color-coded by a green-red scale on the quiz's map according to % correct below.
 
Answer Stats
City % Correct
Algiers
98%
Cairo
98%
Tripoli
96%
Cape Town
94%
Casablanca
94%
Johannesburg
94%
Kinshasa
94%
Mogadishu
94%
Addis Ababa
92%
Khartoum
92%
Lagos
92%
Dar es Salaam
90%
Luanda
90%
Monrovia
90%
Nairobi
90%
Tunis
90%
Kampala
88%
Abuja
85%
Accra
85%
Conakry
85%
Harare
85%
Windhoek
85%
Antananarivo
83%
Bissau
83%
Maputo
83%
Asmara
81%
Lusaka
81%
Mombasa
81%
Niamey
81%
Ouagadougou
81%
Abidjan
79%
Juba
79%
Nouakchott
79%
Victoria
79%
Bamako
77%
Bangui
77%
Benghazi
77%
Kano
77%
Kigali
77%
Praia
77%
Dodoma
75%
Oran
75%
Libreville
73%
Douala
67%
Las Palmas
67%
Lubumbashi
65%
Moroni
56%
Pointe-Noire
54%
Aswan
52%
Funchal
48%
East London
42%
Blantyre
40%
Beira
38%
Constantine
38%
Kananga
35%
Maiduguri
35%
Bulawayo
31%
Kisangani
31%
Mwanza
31%
Agadez
29%
Huambo
29%
Bobo-Dioulasso
27%
Nampula
27%
Georgetown
25%
Mbeya
25%
Tamanrasset
25%
Gao
19%
Jamestown
19%
Lubango
19%
Sabha
19%
Tamale
19%
Nouadhibou
17%
Onitsha
17%
Pietermaritzburg
17%
Wau
17%
El Obeid
15%
Rundu
15%
Sokoto
15%
Maun
13%
Quelimane
13%
Al Jawf
10%
Antsiranana
10%
El Fasher
10%
Mahajanga
10%
Mtwara
10%
Toliara
10%
Kikwit
8%
Pikine
8%
Adrar
6%
Hadibu
6%
Keetmanshoop
6%
Mbandaka
6%
Upington
6%
Bechar
4%
Curepipe
4%
Dongola
4%
Faya
4%
Ghat
4%
Kiffa
4%
Nema
4%
Springbok
4%
Taoudenni
4%
Ad Dakhla
2%
Antalaha
2%
Chegga
2%
Djado
2%
Gaalkacyo
2%
Gode
2%
Isiro
2%
Jamaame
2%
Kindu
2%
Kurmuk
2%
Mongu
2%
Saurimo
2%
Zouerate
2%
Boosaaso
0%
Bordj Mokhtar
0%
Bumba
0%
El Geneina
0%
Yola
0%
Zouar
0%
No matching quizzes found
Score Distribution
Percent of People with Each Score
Percentile by Number Answered
Your Score History
You have not taken this quiz